Тиристоры. Методы измерения параметров; ГОСТ 19138.0-85 Тиристоры. Общие требования к методам измерения параметров; ГОСТ 19138.1-85 Тиристоры. Метод измерения напряжения переключения; ГОСТ 19138.2-85 Тиристоры триодные. Метод измерения отпирающего постоянного и импульсного тока управления и отпирающего постоянного и импульсного напряжения управления; ГОСТ 19138.3-85 Тиристоры триодные. Метод измерения времени выключения; ГОСТ 19138.5-85 Тиристоры триодные. Метод измерения времени выключения, нарастания и задержки

Bibliografische gegevens
Coauteur: СССР Государственный комитет по стандартам (Госстандарт)
Taal:Russisch
Gepubliceerd in: Москва, Изд-во стандартов, 1986
Editie:Изд. офиц.
TOC:ГОСТ 19138.0-85 Тиристоры. Общие требования к методам измерения параметров;
ГОСТ 19138.1-85 Тиристоры. Метод измерения напряжения переключения;
ГОСТ 19138.2-85 Тиристоры триодные. Метод измерения отпирающего постоянного и импульсного тока управления и отпирающего постоянного и импульсного напряжения управления;
ГОСТ 19138.3-85 Тиристоры триодные. Метод измерения времени выключения;
ГОСТ 19138.5-85 Тиристоры триодные. Метод измерения времени выключения, нарастания и задержки;
Reeks:Государственные стандарты
Onderwerpen:
Formaat: Boek
KOHA link:https://koha.lib.tpu.ru/cgi-bin/koha/opac-detail.pl?biblionumber=156275

MARC

LEADER 00000nam0a2200000 4500
001 156275
005 20231031153016.0
035 |a (RuTPU)RU\TPU\book\169513 
035 |a RU\TPU\book\169509 
090 |a 156275 
100 |a 20090325d1986 km y0rusy50 ca 
101 0 |a rus 
102 |a RU 
105 |a a l 000zy 
200 1 |a Тиристоры. Методы измерения параметров 
205 |a Изд. офиц. 
210 |a Москва  |c Изд-во стандартов  |d 1986 
215 |a 15 с.  |c ил. 
225 1 |a Государственные стандарты 
464 |t ГОСТ 19138.0-85 Тиристоры. Общие требования к методам измерения параметров 
464 |t ГОСТ 19138.1-85 Тиристоры. Метод измерения напряжения переключения 
464 |t ГОСТ 19138.2-85 Тиристоры триодные. Метод измерения отпирающего постоянного и импульсного тока управления и отпирающего постоянного и импульсного напряжения управления 
464 |t ГОСТ 19138.3-85 Тиристоры триодные. Метод измерения времени выключения 
464 |t ГОСТ 19138.5-85 Тиристоры триодные. Метод измерения времени выключения, нарастания и задержки 
610 1 |a стандарты 
610 1 |a ГОСТы 
610 1 |a тиристоры 
610 1 |a тиристоры триодные 
610 1 |a методы измерения 
712 0 1 |a СССР  |b Государственный комитет по стандартам (Госстандарт)  |c (1978-1989)  |2 stltpush  |3 (RuTPU)RU\TPU\col\12454 
801 2 |a RU  |b 63413507  |c 20221208  |g PSBO 
942 |c BK